Invaluable Yet undervalued Anganwadi workers, organising to be recognised (Record no. 523868)

000 -LEADER
fixed length control field 01428nam a22001577a 4500
008 - FIXED-LENGTH DATA ELEMENTS--GENERAL INFORMATION
fixed length control field 231010b ||||| |||| 00| 0 eng d
100 ## - MAIN ENTRY--PERSONAL NAME
Personal name Gandham, Mamatha
245 ## - TITLE STATEMENT
Title Invaluable Yet undervalued Anganwadi workers, organising to be recognised
260 ## - PUBLICATION, DISTRIBUTION, ETC. (IMPRINT)
Place of publication, distribution, etc Social Scientist
300 ## - PHYSICAL DESCRIPTION
Extent 51(7-8), Jul-Aug, 2023: p.39-50
520 ## - SUMMARY, ETC.
Summary, etc Public policy in India views women’s labour, especially care work, through a narrow, gendered lens. This is evident from how the government of India (Got) treats Anganwadi workers and helpers, who from an exclusively family workfare working at the grassroots level of the integrated child development services (ICDS), a flagship progrmme of the gol. There are approximately 2.6 million Anganwadi works and helpers employed in the ICDS scheme (EPW editorial 2009). This paper examines the state’s perception of women’s work and its approach to care work, by discussing the issues of Anganwadi workers and helpers. The paper fouces on how these works joined together to gain collective voice and how, through unionizing they sought to improve their working and living conditions. It analyses the role played by the all India federation of Anganwadi workers and Helpers (AIFAWH), in organsing these works and the impact it had on them.- Reproduced
650 ## - SUBJECT ADDED ENTRY--TOPICAL TERM
Topical term or geographic name as entry element Anganwadi workers, Women labours
9 (RLIN) 44085
773 ## - HOST ITEM ENTRY
Main entry heading Social Scientist
906 ## - LOCAL DATA ELEMENT F, LDF (RLIN)
Subject DIP LABOURS
942 ## - ADDED ENTRY ELEMENTS (KOHA)
Item type Articles
Holdings
Withdrawn status Lost status Source of classification or shelving scheme Damaged status Not for loan Permanent location Current location Date acquired Serial Enumeration / chronology Barcode Date last seen Koha item type
          Indian Institute of Public Administration Indian Institute of Public Administration 2023-10-10 51(7-8), Jul-Aug, 2023: p.39-50 AR129750 2023-10-10 Articles

Powered by Koha